Szczegóły MARC21

Rozbiórka : wiersze, rozmowy i portrety 26 poetów: Biedrzycki, Bonowicz, Dehnel [...] /

003 -Nazwa inst., której nr kontr. jest w polu 001 [,]
    • @
    • Nazwa instytucji, której n kontrolny jest w polu 001
    • NUKAT
005 -DATA I CZAS OSTATNIEJ MODYFIKACJI [,]
    • @
    • pole kontrolne
    • 20241231093103.0
020 -Międzynarod. znormalizowany nr książki - ISBN [ , ]
    • a
    • Numer ISBN
    • 9788360602195 Find
040 -Instytucja sporządzająca opis [ , ]
    • a
    • Instytucja, która sporządziła opis (NP)
    • WR U/hb
    • c
    • Instytucja, która sporządziła rekord (NP)
    • WR U/hb
    • d
    • Instytucja, która zmodyfikowała rekord (P)
    • WR U/dl
942 -Rodzaj dokumentu [ , ]
    • c
    • Rodzaj dokumentu
    • Książka
245 -Strefa tytułu i oznaczenia odpowiedzialności [0,0]
    • a
    • Tytuł
    • Rozbiórka : Find
    • b
    • Ciąg dalszy tytułu (NP)
    • wiersze, rozmowy i portrety 26 poetów: Biedrzycki, Bonowicz, Dehnel [...] / Find
    • c
    • Pozostałe elementy strefy tytułu i oznaczenia odpowiedzialności (NP)
    • rozmawiała Magdalena Rybak ; fotografowała Elżbieta Lempp.
260 -Strefa adresu wydawniczego [ , ]
    • a
    • Miejsce wydania (P)
    • Wrocław :
    • b
    • Nazwa wydawcy (P)
    • Biuro Literackie,
    • c
    • Data wydania (P)
    • 2007.
300 -Strefa opisu fizycznego [ , ]
    • a
    • Określenie formy książki i/lub objętość (NP)
    • 238, [6] s. :
    • b
    • Oznaczenie ilustracji (NP)
    • il. ;
    • c
    • Format (NP)
    • 22 cm.
336 -Typ zawartości [ , ]
    • a
    • Termin opisujący typ zawartości
    • Tekst
    • b
    • Kod określający zawartość
    • txt
    • 2
    • Źródło (terminu i kodu)
    • rdacontent
337 -Typ mediów [ , ]
    • a
    • Tryb odtwarzania
    • Bez urządzenia pośredniczącego
    • b
    • Kod typu mediów
    • n
    • 2
    • Źródło (terminu i kodu)
    • rdamedia
338 -Typ/rodzaj nośnika [ , ]
    • a
    • Hasło opisujące typ nośnika
    • Wolumin
    • b
    • Kod typu nośnika
    • nc
    • 2
    • Źródło (terminu i kodu)
    • rdacarrier
490 -Strefa serii i książki wielotomowej - forma nie do wyszukiwania [1, ]
    • a
    • Tytuł (P)
    • Rozmowy ; Find
    • v
    • Numeracja (P)
    • 1
830 -Hasło dodatkowe serii i opisu książki wielotomowej - tytuł ujednolicony/tytuł [ ,0]
    • a
    • Tytuł ujednolicony/tytuł (NP)
    • Rozmowy - Biuro Literackie
    • v
    • Oznaczenie tomu (NP)
    • 2
    • 9
    • KHW
    • 646250
080 -Uniwersalna Klasyfikacja Dziesiętna [ , ]
    • 2
    • Identyfikator wydania tablic
    • UDC-P058
    • a
    • Symbol klasyfikacji
    • 821.162.1-1
    • b
    • Dopowiedzenie
    • Literatura polska - Poezja. Dramat poetycki.
    • x
    • Poddział wspólny
    • (082.2)
    • b
    • Dopowiedzenie
    • (Antologie. Wypisy (róznych autorów). Cytaty. Fragmenty.
080 -Uniwersalna Klasyfikacja Dziesiętna [ , ]
    • 2
    • Identyfikator wydania tablic
    • UDC- P058
    • a
    • Symbol klasyfikacji
    • 821.162.1(091)-1
    • b
    • Dopowiedzenie
    • Literatura polska - Poezja. Dramat poetycki - opracowania krytyczne.
    • x
    • Poddział wspólny
    • (047.53)
    • b
    • Dopowiedzenie
    • Wywiady.
    • x
    • Poddział wspólny
    • "19/20"
650 -Hasło przedmiotowe [ ,7]
    • a
    • Hasło przedmiotowe
    • Poeci polscy
    • y
    • Określnik chronologiczny
    • 1990-
    • v
    • Określnik formalny
    • rozmowy.
    • 2
    • Źródło terminu
    • kaba
    • 9
    • KHW
    • 650496
650 -Hasło przedmiotowe [ ,7]
    • a
    • Hasło przedmiotowe
    • Poezja polska
    • y
    • Określnik chronologiczny
    • 1990-
    • x
    • Określnik rzeczowy
    • komentarze do tekstów.
    • 2
    • Źródło terminu
    • kaba
    • 9
    • KHW
    • 387667
655 -Hasło w funkcji tematu formalnego [ ,7]
    • a
    • Hasło
    • Poezja polska
    • y
    • Określnik chronologiczny
    • 1990-
    • v
    • Określnik formy
    • antologie.
    • 2
    • Źródło terminu
    • kaba
    • 9
    • KHW
    • 356862
980 -Symbol UKD [ , ]
    • a
    • UKD
    • 821.162.1-1(082.2):821.162.1(091)-1
700 -Hasło dodatkowe - nazwa osobowa [1, ]
    • a
    • Nazwa osobowa (NP)
    • Rybak, Magdalena Find
    • d
    • Daty biograficzne (NP)
    • (1977- ).
    • e
    • Określenie rodzaju współpracy
    • Oprac.
    • 9
    • KHW
    • 650363
700 -Hasło dodatkowe - nazwa osobowa [1, ]
    • a
    • Nazwa osobowa (NP)
    • Lempp, Elżbieta Find
    • d
    • Daty biograficzne (NP)
    • (1957- ).
    • e
    • Określenie rodzaju współpracy
    • Fot.
    • 9
    • KHW
    • 242295
920 -ISBN [ , ]
    • a
    • ISBN
    • 978-83-60602-19-5 Find
Sygnatura Status udost. Numer inwentarzowy Data inwentaryzacji Lokalizacja
POL. Antologie 111P.207622007-10-24BM